书目信息 |
| 题名: |
世界通览·加拿大卷
|
|
| 作者: | 马林 , 李洁红 主编 | |
| 分册: | ||
| 出版信息: | 哈尔滨 哈尔滨工程大学出版社 2004.04 |
|
| 页数: | 440页 | |
| 开本: | 22cm | |
| 丛书名: | 世界通览 | |
| 单 册: | ||
| 中图分类: | K91 , H319.4:K91 , H319.4 | |
| 科图分类: | ||
| 主题词: | 英语 | |
| 电子资源: | ||
| ISBN: | 7-81073-544-6 | |
| 000 | 01138nam 2200313 450 | |
| 001 | 010232863484 | |
| 005 | 20050518091909.39 | |
| 010 | @a7-81073-544-6@d18.80CNY | |
| 100 | @a20050518d2004 km y0chiy0120 ea | |
| 101 | 0 | @achi@aeng |
| 102 | @aCN@b230000 | |
| 105 | @ay z 000yy | |
| 200 | 1 | @a世界通览·加拿大卷@Ashi jie tong lan·jia na da juan@d= Canada@f主编马林, 李洁红@Fzhu bian ma lin,li jie hong@zeng |
| 210 | @a哈尔滨@c哈尔滨工程大学出版社@d2004.04 | |
| 215 | @a440页@d22cm | |
| 225 | 2 | @a世界通览@Ashi jie tong lan |
| 330 | @a本套丛书通过最新资料,详实地反映了各国的地理、历史、政治、外交、政党、经济、资源、科技、人文、社会、宗教、文化、艺术、体育、娱乐等内容。全套丛书共分12册,用英、法、德、俄、日5种语言介绍了23个国家。 | |
| 410 | 0 | @12001 @a世界通览 |
| 510 | 1 | @aCanada@zeng |
| 606 | 0 | @a英语 |
| 607 | @a加拿大@Ajia na da@x概况@x英语@x汉语@x对照读物 | |
| 607 | @a世界@Ashi jie@x概况 | |
| 690 | @aK91@v4 | |
| 690 | @aH319.4:K91@v4 | |
| 690 | @aH319.4@v3 | |
| 701 | 0 | @a马林@Ama lin@4主编 |
| 701 | 0 | @a李洁红@Ali jie hong@4主编 |
| 801 | 0 | @aCN@bRULIN@c20050518 |
| 905 | @a10447@dH319.4@eM096 | |
| 世界通览·加拿大卷= Canada/主编马林, 李洁红.-哈尔滨:哈尔滨工程大学出版社,2004.04 |
| 440页;22cm.-(世界通览) |
| ISBN 7-81073-544-6:18.80CNY |
| 本套丛书通过最新资料,详实地反映了各国的地理、历史、政治、外交、政党、经济、资源、科技、人文、社会、宗教、文化、艺术、体育、娱乐等内容。全套丛书共分12册,用英、法、德、俄、日5种语言介绍了23个国家。 |
| ● |
| 相关链接 |
|
|
|
正题名:世界通览·加拿大卷
索取号:H319.4/M096
 
预约/预借
| 序号 | 登录号 | 条形码 | 馆藏地/架位号 | 状态 | 备注 |
| 1 | 521238 | 205212385 | 语言库209/209语言库 47排2列2层/ [索取号:H319.4/M096] | 在馆 | |
| 2 | 521239 | 205212394 | 语言库209/209语言库 47排2列2层/ [索取号:H319.4/M096] | 在馆 | |
| 3 | 521240 | 205212401 | 语言库209/209语言库 47排2列2层/ [索取号:H319.4/M096] | 在馆 |